00290pam a2200121 a 4500020000500000041000800005082000800013100002500021245007600046250001000122260002600132300001000158 c aeng bKIL aKilic Mine Oxyurt . aMaggie Gee Weiting the condition of England Novel hTextual Documents a2014. aLandon:bBloomsbury . a179p.